000 01161nam0a22002891 4500
001 v19\rc\1624671
005 20250618231614.0
035 _a(NLR Aleph) 004741480
090 _a4495041
_c4495041
100 _a20061002d1899 |||y0rusy50 ca
101 0 _arus
102 _aRU
105 _ay g |||||
200 1 _aСправочная книга по государственному промысловому налогу для чинов торгового надзора и учреждений, выдающих промысловые свидетельства
_fСост. подат. инспектором Люблин. и Любарт. уездов Люблин. губ. П.Г. Боковым
210 _aСанкт-Петербург
_cГос. тип.
_d1899
215 _a[8], 129 с.
_d27
300 _aИзд. неофиц.
700 1 _aБоков
_bП.Г.
_gПетр Григорьевич
_4220
801 0 _aRU
_bNLR
_gpsbo
801 0 _aRU
_bRuMoRGB
_2psbo
801 1 _aRU
_bProSoft-M
_2rusmarc
852 _aNLR
_j18.189.2.18
899 _aRuMoRGB
_jS 31/139
899 _aRuMoRGB
_jU 365/219
899 _aБАН
942 _cBOOK
980 _aNB